Zlepšenie firemnej identity s dôrazom na kvalitu produkcie = Improvement corporate identity with emphsis on quality of production : Diplomová práca

Gespeichert in:
Bibliographische Detailangaben
1. Verfasser: Sabová, Petra (Verfasst von)
Weitere Verfasser: Šalgovičová, Jarmila, 1950- (xxx)
Format: Manuskript Buch
Sprache:Slowakisch
Veröffentlicht: Trnava : STU v Bratislave MtF KIK, 2007
Schlagworte:
Tags: Tag hinzufügen
Keine Tags, Fügen Sie das erste Tag hinzu!

MARC

LEADER 00000ntm a22000003a 4500
001 stu144731
005 20160719155743.3
008 070904s2007----xo------------------slo-d
040 |a STU  |b slo 
041 0 |a slo 
044 |a xo 
100 1 |a Sabová, Petra  |4 aut 
245 1 |a Zlepšenie firemnej identity s dôrazom na kvalitu produkcie = Improvement corporate identity with emphsis on quality of production :  |b Diplomová práca 
260 |a Trnava :  |b STU v Bratislave MtF KIK,  |c 2007 
300 |a 88 s  |c príl., 1 CD-ROM 
500 |a Program: inžinierstvo kvality produkcie 
650 7 |a manažérstvo kvality  |2 stusub 
650 7 |a firemná identita  |2 stusub 
650 7 |a firemná kultúra  |2 stusub 
650 7 |a kvalita  |2 stusub 
650 7 |a marketing  |2 estusub 
700 1 |a Šalgovičová, Jarmila,  |d 1950-  |4 xxx  |u M4000  |U MTF Materiálovotechnologická fakulta  |T MTF Ústav priemyselného inžinierstva a manažmentu  |X 1492  |U M4000  |Y 84  |7 A000001492 
996 |b 284M076978  |c M*DP-6797  |l MMSKP  |s P  |a 0  |w stu144731_0001